[Event "Kouty nad Desnou op-A"]
[Site "Kouty nad Desnou"]
[Date "2024.03.16"]
[Round "9"]
[White "Mlynek, Jakub"]
[Black "Haidenko, Mykola"]
[Result "1-0"]
[WhiteElo "1666"]
[BlackElo "1603"]
[PlyCount "59"]
[EventDate "2024.03.09"]
[EventType "swiss"]
[EventRounds "9"]
[EventCountry "CZE"]
[SourceTitle "CBM 219 Extra"]
[Source "ChessBase"]
[SourceDate "2024.05.31"]
[SourceVersion "1"]
[SourceVersionDate "2024.05.31"]
[SourceQuality "1"]

1. e4 c5 2. c3 d5 3. exd5 Qxd5 4. d4 Nf6 5. Nf3 Bg4 6. dxc5 Qxc5 7. Be3 Qc7 8. Be2 Nc6 9. 0-0 e6 10. Nbd2 Nd5 11. Bg5 h6 12. Bh4 Be7 13. Bg3 Bd6 14. Bxd6 Qxd6 15. Ne4 Qe7 16. c4 Nf4 17. Nd6+ Kf8 18. c5 Nxe2+ 19. Qxe2 Nd4 20. Qe4 Nxf3+ 21. gxf3 Bh3 22. Kh1 Bxf1 23. Rxf1 f5 24. Qb4 a5 25. Qb3 Qd7 26. Re1 Ke7 27. Qc3 Kd8 28. Qb3 Rh7 29. Rxe6 g5 30. Re8+ 1-0

[Event "Kouty nad Desnou op-A"]
[Site "Kouty nad Desnou"]
[Date "2024.03.15"]
[Round "8"]
[White "Brychta, David1"]
[Black "Mlynek, Jakub"]
[Result "0-1"]
[WhiteElo "1555"]
[BlackElo "1666"]
[PlyCount "64"]
[EventDate "2024.03.09"]
[EventType "swiss"]
[EventRounds "9"]
[EventCountry "CZE"]
[SourceTitle "CBM 219 Extra"]
[Source "ChessBase"]
[SourceDate "2024.05.31"]
[SourceVersion "1"]
[SourceVersionDate "2024.05.31"]
[SourceQuality "1"]

1. c4 e5 2. Nc3 Nf6 3. Nf3 Nc6 4. d3 d5 5. cxd5 Nxd5 6. g3 Be6 7. Bg2 Be7 8. 0-0 0-0 9. Bd2 f5 10. a3 Bf6 11. Qc2 Nb6 12. Rac1 Nd4 13. Nxd4 exd4 14. Na4 c6 15. Nc5 Qe7 16. Nxe6 Qxe6 17. e3 Rad8 18. e4 Nd7 19. Bh3 g6 20. Rfe1 Ne5 21. Bg2 fxe4 22. Bxe4 Qg4 23. Kg2 Bg7 24. Bf4 Rxf4 25. h3 Qg5 26. Qb3+ Kh8 27. Qxb7 Rf7 28. Qa6 Qd2 29. Rf1 Rdf8 30. Rc5 Rxf2+ 31. Rxf2 Rxf2+ 32. Kg1 Qe1# 0-1

[Event "Kouty nad Desnou op-A"]
[Site "Kouty nad Desnou"]
[Date "2024.03.11"]
[Round "3"]
[White "Mlynek, Jakub"]
[Black "Koutecky, Vaclav1"]
[Result "1-0"]
[WhiteElo "1666"]
[BlackElo "1534"]
[PlyCount "41"]
[EventDate "2024.03.09"]
[EventType "swiss"]
[EventRounds "9"]
[EventCountry "CZE"]
[SourceTitle "CBM 219 Extra"]
[Source "ChessBase"]
[SourceDate "2024.05.31"]
[SourceVersion "1"]
[SourceVersionDate "2024.05.31"]
[SourceQuality "1"]

1. e4 e5 2. Nf3 Nc6 3. Bc4 Nf6 4. d3 d5 5. exd5 Nxd5 6. 0-0 Bc5 7. c3 Bg4 8. Nbd2 0-0 9. h3 Bh5 10. Re1 Nf4 11. Ne4 Bb6 12. Bxf4 exf4 13. d4 Na5 14. Be2 f5 15. Ned2 Qd5 16. b4 Bxf3 17. gxf3 Qd6 18. bxa5 Qg6+ 19. Kh2 Bxa5 20. Nc4 Bxc3 21. Qb3 1-0

[Event "CZE-chT U12"]
[Site "Jihlava"]
[Date "2022.06.11"]
[Round "3.2"]
[White "Maly, Jiri2"]
[Black "Mlynek, Jakub"]
[Result "1-0"]
[WhiteElo "1388"]
[BlackElo "1370"]
[PlyCount "173"]
[EventDate "2022.06.10"]
[EventType "team-swiss"]
[EventRounds "9"]
[EventCountry "CZE"]
[SourceTitle "CBM 209 Extra"]
[Source "ChessBase"]
[SourceDate "2022.09.30"]
[SourceVersion "1"]
[SourceVersionDate "2022.09.30"]
[SourceQuality "1"]
[WhiteTeam "Unichess U12"]
[BlackTeam "Celakovice Spartak U12"]
[WhiteTeamCountry "CZE"]
[BlackTeamCountry "CZE"]

1. e4 d5 2. exd5 Nf6 3. d4 Nxd5 4. Nf3 Bf5 5. Bc4 e6 6. 0-0 Be7 7. Re1 0-0 8. Bd2 c5 9. Nc3 Nf6 10. Bf4 Nc6 11. d5 Nb4 12. d6 Nxc2 13. dxe7 Qxe7 14. Bd6 Qe8 15. Bxf8 Qxf8 16. Re2 Nxa1 17. Qxa1 a6 18. Qc1 b5 19. Bb3 c4 20. Bc2 Bg4 21. Qe3 Qb4 22. h3 Bh5 23. a3 Qe7 24. Ne4 Bg6 25. Nxf6+ Qxf6 26. Bxg6 Qxg6 27. Qe4 Qxe4 28. Rxe4 Kf8 29. Nd4 Rc8 30. Nc2 c3 31. b4 Ke7 32. Kf1 f5 33. Re3 Kf6 34. f4 Rc4 35. g3 h6 36. h4 Rc6 37. Ke2 g5 38. Kd1 gxf4 39. gxf4 Rc4 40. Rf3 e5 41. fxe5+ Kxe5 42. Rh3 f4 43. Rf3 Ke4 44. Ke2 h5 45. Rd3 Kf5 46. Kf3 Ke5 47. Ke2 Ke4 48. Rf3 Kf5 49. Kd3 Kg4 50. Ke2 Kxh4 51. Rd3 Kg4 52. Rd6 h4 53. Rxa6 h3 54. Rg6+ Kh5 55. Rg1 Kh4 56. Kf3 h2 57. Rh1 Kh3 58. Re1 Kh4 59. Kg2 Kg4 60. Kxh2 Kf3 61. Kg1 Kg3 62. Re5 Kg4 63. Rxb5 Re4 64. Kf1 f3 65. Rc5 Kg3 66. Rxc3 Re2 67. Nd4 Rf2+ 68. Ke1 Kg2 69. b5 Rf1+ 70. Kd2 f2 71. Rf3 Ra1 72. Nc2 f1Q 73. Rxf1 Kxf1 74. Kc3 Rb1 75. a4 Ke2 76. Nd4+ Ke3 77. a5 Rc1+ 78. Nc2+ Ke4 79. b6 Kd5 80. Kb3 Rb1+ 81. Kc3 Kc6 82. Nb4+ Kb7 83. Kc4 Rc1+ 84. Kb5 Rh1 85. a6+ Kb8 86. Nc6+ Ka8 87. b7# 1-0